| 000 | nam a22 a 4500 | ||
|---|---|---|---|
| 999 |
_c184837 _d184837 |
||
| 003 | BLK | ||
| 005 | 20220819150204.0 | ||
| 008 | 180411b bul|||||r ||||||| ||bul|| | ||
| 010 | _aKNG00193814000 | ||
| 040 | _aBLK | ||
| 041 |
_aBUL _cBUL |
||
| 080 |
_aБългарска литература _b821.163.2 _x-1 _z821.163.2-1 |
||
| 100 | 1 |
_aЕвтимов, Евтим Михалушев _eпърви автор _9365147 |
|
| 139 | _aЕвтимов, Евтим Михалушев | ||
| 245 | 1 | 0 |
_aОбич за обич _bЛирика _cЕвтим Евтимов; худож. Тончо Тончев. |
| 257 | _aBGR | ||
| 260 |
_aСофия _bНар. младеж _c1974 |
||
| 300 |
_a172 с. _bс ил., 1 л. портр. _c21 см |
||
| 380 | _aX | ||
| 490 | 1 | _aПоредица Поколение | |
| 700 | 1 |
_aТончев, Тончо _eхудож. _9366917 |
|
| 852 |
_aЦб 71904 _bЦб |
||
| 942 |
_cKNG _n0 _06 _s1 |
||
| 944 |
_aCR _c19.10.2016 _kНора_Радева |
||
| 944 |
_aED _c2022-08-19 _kСТ |
||
| 999 | _d184837 | ||